Größte Städte im ehemaligen Ostblock - Statistiken

Allgemein
  • Dieses Quiz wurde 151 mal gespielt
  • Das Durchschnittsergebnis liegt bei 27 aus 54
Antwortstatistiken
Platz Einwohnerzahl Stadt Land % Korrekt
1. 12,48 Mio. Moskau Russland
100%
3. 3,67 Mio. Berlin Deutschland
98%
8. 1,75 Mio. Budapest Ungarn
98%
4. 2,97 Mio. Kiew Ukraine
98%
7. 1,79 Mio. Warschau Polen
98%
6. 1,83 Mio. Bukarest Rumänien
97%
5. 2,02 Mio. Minsk Weißrussland
96%
11. 1,32 Mio. Prag Tschechien
95%
2. 5,4 Mio. St. Petersburg Russland
92%
10. 1,35 Mio. Belgrad Serbien
91%
36. 0,63 Mio. Riga Lettland
86%
14. 1,24 Mio. Sofia Bulgarien
85%
26. 0,81 Mio. Zagreb Kroatien
83%
43. 0,56 Mio. Dresden Deutschland
79%
44. 0,55 Mio. Vilnius Litauen
78%
27. 0,78 Mio. Krakau Polen
76%
40. 0,59 Mio. Leipzig Deutschland
76%
20. 1,02 Mio. Odessa Ukraine
75%
42. 0,56 Mio. Tirana Albanien
74%
31. 0,69 Mio. Chisinau Moldawien
72%
52. 0,51 Mio. Skopje Nordmazedonien
70%
24. 0,91 Mio. Donezk Ukraine
62%
34. 0,64 Mio. Breslau Polen
61%
21. 1,01 Mio. Wolgograd Russland
55%
9. 1,44 Mio. Charkiw Ukraine
54%
46. 0,54 Mio. Posen Polen
52%
32. 0,68 Mio. Lodz Polen
51%
12. 1,26 Mio. Kasan Russland
46%
16. 1,14 Mio. Rostow Russland
45%
29. 0,72 Mio. Lemberg Ukraine
40%
13. 1,25 Mio. Nischni Nowgorod Russland
39%
19. 1,06 Mio. Perm Russland
38%
15. 1,16 Mio. Samara Russland
37%
23. 0,93 Mio. Krasnodar Russland
32%
17. 1,13 Mio. Ufa Russland
32%
22. 0,99 Mio. Dnipro Ukraine
27%
51. 0,51 Mio. Homel Weißrussland
23%
25. 0,84 Mio. Saratow Russland
23%
18. 1,06 Mio. Woronesch Russland
22%
41. 0,57 Mio. Orenburg Russland
18%
48. 0,53 Mio. Astrachan Russland
17%
38. 0,61 Mio. Jaroslawl Russland
14%
28. 0,73 Mio. Saporischschja Ukraine
12%
39. 0,6 Mio. Machatschkala Russland
11%
30. 0,7 Mio. Toljatti Russland
7%
33. 0,65 Mio. Ischewsk Russland
6%
37. 0,62 Mio. Krywyj Rih Ukraine
5%
49. 0,52 Mio. Pensa Russland
5%
45. 0,54 Mio. Rjasan Russland
3%
50. 0,52 Mio. Kirow Russland
2%
35. 0,63 Mio. Uljanovsk Russland
2%
54. 0,51 Mio. Balaschicha Russland
0%
53. 0,51 Mio. Libezk Russland
0%
47. 0,53 Mio. Nabereschnyje Tschelny Russland
0%
Keine übereinstimmenden Quizze gefunden
Verteilung der Resultate
Anzahl Personen mit jedem Resultat
Perzentil nach korrekt beantworteten Fragen
Ihre Resultats-Entwicklung
Sie haben dieses Quiz noch nicht gespielt